[Event "1/128 Finale"]
[Site "www.chess-mail.com"]
[Date "2017.08.30"]
[Round "1"]
[White "Begory"]
[Black "Fantomas"]
[WhiteElo "999"]
[BlackElo "2130"]
[Result "0-1"]
[Round "1"]
1.d4 d5
2.Bc1f4 Ng8f6
3.Nb1c3 g6
4.Nc3b5 Nb8a6
5.e3 c6
6.Nb5c3 Na6c7
7.Bf1d3 Nc7e6
8.Ng1f3 Ne6xf4
9.exf4 Nf6h5
10.Qd1d2 Bf8g7
11.O-O-O Qd8c7
12.Bd3e2 Nh5xf4
13.g3 Nf4xe2
14.Qd2xe2 O-O
15.Rd1e1 Bc8g4
16.h3 Bg4xf3
17.Qe2xf3 Bg7xd4
18.Nc3d1 e5
19.c3 e4
20.Qf3f4 Qc7xf4
21.gxf4 Bd4g7
22.c4 Bg7h6
23.Kc2 Bh6xf4
24.cxd5 cxd5
25.Rh1g1 Ra8c8
26.Kb3 f5
27.h4 Rf8f6
28.h5 Rf6b6
29.Ka3 Rc8c4
30.Nd1c3 Bf4d6
31.b4 Rb6xb4
32.Nc3xd5 Rb4b5
33.Nd5b4 Rb5xb4
34.Re1d1 Rc4c3
{ resign }
0-1

[Event "Fast Game"]
[Site "www.echecsemail.com"]
[Date "2017.08.30"]
[Round "1"]
[White "Cjood"]
[Black "Hennie4820"]
[WhiteElo "1660"]
[BlackElo "1680"]
[Result "0-1"]
[Round "1"]
1.f4 e5
2.Nb1c3 exf4
3.g3 fxg3
4.hxg3 Ng8f6
5.e4 d6
6.d4 Bf8e7
7.Bf1g2 Bc8g4
8.Bg2f3 Bg4xf3
9.Qd1xf3 c6
10.Bc1f4 Nb8a6
11.a3 Qd8b6
12.O-O-O O-O-O
13.Ng1e2 Na6c7
14.Nc3a4 Qb6a6
15.Na4c3 d5
16.e5 Nf6d7
17.Qf3d3 Qa6xd3
18.Rd1xd3 h6
19.b4 Nd7b6
20.Rh1f1 Nb6c4
21.Nc3a2 Nc7e6
22.Bf4d2 f6
23.exf6 Be7xf6
24.c3 Nc4xa3
25.Ne2f4 Ne6g5
26.Nf4g6 Rh8e8
27.Kb2 Na3c4
28.Kb3 Ng5e4
29.Bd2f4 b5
30.g4 Ne4g5
31.Bf4xg5 Bf6xg5
32.Rf1f2 Re8e4
33.Rf2f7 Re4e2
{ resign }
0-1

[Event "Tourn. n9409"]
[Site "www.chess-mail.com"]
[Date "2017.08.31"]
[Round "1"]
[White "Xkafi"]
[Black "Falcoale"]
[WhiteElo "2000"]
[BlackElo "2020"]
[Result "0-1"]
[Round "1"]
1.e4 c5
2.Bf1c4 e6
3.Nb1c3 b6
4.d4 Bc8b7
5.d5 a6
6.a4 d6
7.dxe6 f6
8.Qd1h5 g6
9.Qh5f3 Bf8e7
10.Bc1g5 Nb8c6
11.Nc3d5 Nc6e5
12.Nd5xf6 Ng8xf6
13.Qf3c3 Bb7xe4
14.f3 Ne5xc4
15.Bg5xf6 Be7xf6
16.Qc3xc4 d5
17.Qc4e2 Bf6xb2
18.Ra1d1 Bb2c3
19.Kf2 O-O
20.Ng1h3 Qd8f6
21.Rd1b1 Qf6xe6
22.Nh3g5 Qe6f5
23.h4 Ra8e8
24.Rb1xb6 Be4xf3
25.Qe2xf3 Qf5xc2
26.Kg3 Rf8xf3
27.gxf3 a5
28.Rb6b5 Bc3b4
29.Rb5b7 Qc2f5
30.Rb7xh7 Bb4d2
31.Rh7f7 Qf5e5
32.Kg4 Qe5d4
33.Kg3 Re8e5
34.Rf7f6 Bd2e1
35.Kh3 Re5xg5
36.Rh1xe1 Rg5e5
37.Rf6xg6 Kh7
38.Rg6g4 Qd4c3
39.Re1xe5 Qc3xe5
40.h5 d4
41.Rg4e4 Qe5xh5
42.Re4h4 Qh5xh4
43.Kxh4 d3
{ resign }
0-1

[Event "Tourn. n9454"]
[Site "www.chess-mail.com"]
[Date "2017.08.31"]
[Round "1"]
[White "Lucaschess"]
[Black "Mitja"]
[WhiteElo "2080"]
[BlackElo "2040"]
[Result "1-0"]
[Round "1"]
1.e4 d5
2.Nb1c3 dxe4
3.Nc3xe4 e6
4.Ng1f3 Ng8f6
5.Qd1e2 Nf6xe4
6.Qe2xe4 c6
7.d4 Bf8e7
8.g3 Be7f6
9.Bf1g2 Nb8d7
10.O-O O-O
11.Rf1e1 h6
12.Bc1f4 Rf8e8
13.Bf4e5 Bf6xe5
14.Nf3xe5 Nd7xe5
15.dxe5 Qd8c7
16.c4 Qc7b6
17.Qe4c2 Qb6c7
18.c5 b6
19.b4 bxc5
20.Qc2xc5 a6
21.Qc5xc6 Qc7xc6
22.Bg2xc6 Ra8b8
23.Bc6xe8 { resign }
1-0

[Event "Tourn. n9406"]
[Site "www.chess-mail.com"]
[Date "2017.08.31"]
[Round "1"]
[White "Andychesston"]
[Black "Esperanza"]
[WhiteElo "1990"]
[BlackElo "1830"]
[Result "0-1"]
[Round "1"]
1.e4 c5
2.Ng1f3 d6
3.d4 cxd4
4.Nf3xd4 Ng8f6
5.Nb1c3 e6
6.Bc1g5 a6
7.Bf1c4 Bf8e7
8.f3 O-O
9.Qd1d2 Qd8c7
10.Bc4b3 Nb8c6
11.O-O-O Nc6xd4
12.Qd2xd4 Rf8d8
13.Rd1d3 h6
14.Bg5h4 Nf6e8
15.Bh4xe7 Qc7xe7
16.Rh1d1 b5
17.Rd1d2 Bc8b7
18.Qd4g1 Ra8c8
19.Qg1d1 Bb7c6
20.e5 d5
21.f4 a5
22.a3 a4
23.Bb3a2 b4
24.axb4 Qe7xb4
25.Rd3d4 Qb4a5
26.h4 a3
27.b4 Qa5b6
28.Nc3b1 Rc8a8
29.Rd2d3 Ra8a4
30.Qd1d2 Rd8b8
31.Nb1xa3 Ne8c7
32.Rd3b3 Nc7b5
33.Na3xb5 Bc6xb5
34.c3 Bb5c4
35.Rb3b2 Bc4xa2
36.Rb2xa2 Rb8a8
37.Ra2b2 Ra4a1
38.Kc2 Qb6b5
39.Qd2d3 Qb5a4
40.Kd2 Ra1d1
41.Ke3 Rd1xd3
42.Rd4xd3 Qa4a1
43.Rd3d2 Qa1e1
44.Kf3 Ra8a3
45.Rb2c2 Qe1e4
46.Kg4 h5
47.Kg3 Qe4xb4
48.Rd2d3 Qb4e4
{ resign }
0-1

[Event "Tourn. n9507"]
[Site "www.chess-mail.com"]
[Date "2017.08.31"]
[Round "1"]
[White "Guidom"]
[Black "Bojan"]
[WhiteElo "2130"]
[BlackElo "2040"]
[Result "1-0"]
[Round "1"]
1.e4 e5
2.Ng1f3 Nb8c6
3.Bf1b5 Nc6d4
4.Nf3xd4 exd4
5.c4 c6
6.Bb5a4 Bf8c5
7.d3 Qd8c7
8.a3 Bc5d6
9.h3 Bd6e5
10.O-O d6
11.f4 Be5f6
12.Qd1e2 Ng8e7
13.b4 Bc8d7
14.Nb1d2 c5
15.Ba4xd7 Qc7xd7
16.Bc1b2 a6
17.bxc5 dxc5
18.Qe2h5 Qd7c6
19.e5 g6
20.Qh5g4 Bf6g7
21.Nd2e4 Ne7f5
22.Rf1f3 O-O
23.h4 h5
24.Qg4h3 Nf5e3
25.Rf3xe3 dxe3
26.Qh3xe3 b6
27.Ne4d6 Ra8a7
28.Ra1e1 Ra7e7
29.Qe3g3 Kh7
30.f5 Bg7h6
31.Re1e4 Rf8g8
32.Qg3f3 Qc6d7
33.Kh1 g5
34.Qf3xh5 f6
35.exf6 Re7xe4
36.Nd6xe4 Qd7xf5
37.Ne4xg5 Rg8xg5
38.hxg5 Qf5xg5
39.Qh5f7 Kh8
40.Qf7e8 Kh7
41.Qe8e4 Kg8
42.Qe4e6 Kh7
43.f7 Bh6f8
44.Qe6e4 Kh6
45.Bb2e5 Bf8e7
46.Be5f4 { resign }
1-0

[Event "Tourn. n9458"]
[Site "www.chess-mail.com"]
[Date "2017.08.31"]
[Round "1"]
[White "Orhany24"]
[Black "Luban"]
[WhiteElo "2140"]
[BlackElo "2150"]
[Result "1-0"]
[Round "1"]
1.e4 c6
2.d4 d5
3.exd5 cxd5
4.Ng1f3 e6
5.c4 Ng8f6
6.Nb1c3 Bf8b4
7.a3 Bb4xc3
8.bxc3 Nb8c6
9.c5 b6
10.Bf1b5 Bc8d7
11.Qd1a4 Nc6a5
12.Nf3e5 a6
13.Bb5xd7 Nf6xd7
14.cxb6 Na5b7
15.Qa4c6 Qd8c8
16.Ra1b1 Qc8xc6
17.Ne5xc6 Ra8c8
18.Nc6a7 Rc8xc3
19.O-O O-O
20.Bc1d2 Rc3c4
21.Rf1c1 Rc4xd4
22.Bd2b4 Rf8e8
23.Rc1c7 Nd7xb6
24.Rc7xb7 Nb6c4
25.Na7c6 Rd4d3
26.g3 h6
27.Rb7a7 Kh7
28.Ra7xa6 Re8c8
29.Nc6e7 Rc8b8
30.Ra6a7 Nc4d2
31.Rb1b2 Nd2f3
32.Kg2 Nf3e1
33.Kh3 d4
34.Ne7c6 Rb8b6
35.Nc6e5 Rd3d1
36.a4 Ne1d3
37.Ne5xd3 Rd1xd3
38.a5 Rb6b5
39.a6 Rd3d1
40.Ra7b7 Rb5h5
41.Kg2 Rd1a1
42.a7 f6
43.Bb4f8 Rh5g5
44.h4 Rg5g6
45.Bf8c5 d3
46.Rb7b8 { resign }
1-0

[Event "Tourn. n9489"]
[Site "www.chess-mail.com"]
[Date "2017.08.31"]
[Round "1"]
[White "Fantomas"]
[Black "Ffdd65"]
[WhiteElo "2030"]
[BlackElo "2130"]
[Result "1/2-1/2"]
[Round "1"]
1.e4 e5
2.Ng1f3 Nb8c6
3.Bf1b5 d6
4.d4 Bc8d7
5.dxe5 dxe5
6.O-O Bf8d6
7.Bc1g5 f6
8.Bg5e3 a6
9.Bb5c4 Qd8e7
10.Nb1c3 Bd7e6
11.Nc3d5 Be6xd5
12.Bc4xd5 Qe7d7
13.a3 Ng8e7
14.Bd5a2 O-O-O
15.c4 Ne7g6
16.Qd1a4 Nc6b8
17.Qa4xd7 Nb8xd7
18.Ra1c1 Nd7c5
19.b4 Nc5d3
20.Rc1c3 Ng6f4
21.Kh1 Bd6e7
22.g3 Nf4e6
23.Ba2b1 Nd3b2
24.Kg2 Nb2d1
25.Rc3b3 Nd1xe3
26.Rb3xe3 Ne6d4
27.c5 c6
28.Rf1c1 Rd8d7
29.Re3d3 Rh8d8
30.Rc1d1 Nd4xf3
31.Kxf3 Rd7xd3
{ draw }
1/2-1/2

[Event "Tourn. n9419"]
[Site "www.chess-mail.com"]
[Date "2017.08.31"]
[Round "1"]
[White "Cjood"]
[Black "Fabos12"]
[WhiteElo "1920"]
[BlackElo "1920"]
[Result "1-0"]
[Round "1"]
1.c4 e5
2.e3 Nb8c6
3.d3 Bf8c5
4.a3 d6
5.Nb1c3 a6
6.b4 Bc5a7
7.Bf1e2 Bc8e6
8.Be2g4 f5
9.Bg4e2 Ng8e7
10.Ng1f3 d5
11.c5 h6
12.Bc1b2 d4
13.exd4 exd4
14.Nc3b1 g5
15.h3 Ne7g6
16.Nb1d2 Ng6f4
17.g3 Nf4xe2
18.Qd1xe2 Qd8d5
19.O-O-O O-O-O
20.Rh1e1 Rh8e8
21.Nd2c4 Be6f7
22.Nf3e5 Re8e7
23.Qe2f3 Qd5xf3
24.Ne5xf3 Rd8e8
25.Re1xe7 Re8xe7
26.Bb2xd4 Re7e2
27.Bd4e3 f4
28.gxf4 gxf4
29.Be3xf4 Re2xf2
30.Nc4e5 Nc6xe5
31.Nf3xe5 Rf2xf4
32.Rd1g1 a5
33.Rg1g7 Rf4f1
34.Kc2 Bf7d5
35.Rg7h7 b6
36.cxb6 Ba7xb6
{ time. }
1-0

[Event "Tourn. n9474"]
[Site "www.chess-mail.com"]
[Date "2017.08.31"]
[Round "1"]
[White "Malbertan"]
[Black "Cjood"]
[WhiteElo "2060"]
[BlackElo "1920"]
[Result "0-1"]
[Round "1"]
1.e4 e6
2.d4 d5
3.Nb1c3 g6
4.e5 b6
5.Bf1d3 Bf8g7
6.Bc1e3 f6
7.Ng1f3 fxe5
8.Nf3xe5 Bg7xe5
9.dxe5 Bc8b7
10.Qd1d2 d4
11.Be3g5 dxc3
12.bxc3 Qd8d5
13.f3 Qd5xe5
 { time }
0-1

[Event "Tourn. n9479"]
[Site "www.chess-mail.com"]
[Date "2017.08.31"]
[Round "1"]
[White "Azulmarino"]
[Black "Vios"]
[WhiteElo "1610"]
[BlackElo "1729"]
[Result "1/2-1/2"]
[Round "1"]
1.e4 c6
2.d3 d5
3.f3 e5
4.Bc1e3 Ng8f6
5.Be3g5 Bf8e7
6.Bf1e2 Qd8b6
7.b3 Bc8e6
8.Nb1c3 O-O
9.Bg5h4 Nb8d7
10.Bh4f2 d4
{ draw }
1/2-1/2

[Event "Tourn. n9339"]
[Site "www.chess-mail.com"]
[Date "2017.08.31"]
[Round "1"]
[White "Stepanpech"]
[Black "Seger"]
[WhiteElo "2460"]
[BlackElo "2620"]
[Result "1/2-1/2"]
[Round "1"]
1.e4 c5
2.Ng1f3 d6
3.d4 cxd4
4.Nf3xd4 g6
5.Nb1c3 a6
6.Bc1e3 Ng8f6
7.f3 Bf8g7
8.Qd1d2 h5
9.Bf1c4 O-O
10.O-O-O Nb8c6
11.Bc4b3 Nc6a5
12.Be3h6 Na5xb3
13.Nd4xb3 Qd8c7
14.Rh1e1 b5
15.Bh6xg7 Kxg7
16.Nc3d5 Nf6xd5
17.exd5 Rf8e8
18.Nb3d4 Qc7c4
19.Kb1 Qc4xd5
20.Nd4e6 Qd5xe6
21.Re1xe6 Bc8xe6
22.Qd2d4 Kg8
23.h3 Ra8c8
24.g4 Rc8c5
25.Rd1g1 Re8c8
26.c3 f6
27.f4 Kf7
28.Ka1 g5
29.gxh5 gxf4
30.h6 Rc8h8
31.Qd4xf4 Rc5h5
32.Rg1g7 Kf8
33.Qf4e4 Rh8xh6
34.Qe4xe6 Kxg7
35.Qe6xe7 Kg6
36.Qe7xd6 Rh5xh3
37.a3 a5
38.Qd6d5 Rh6h5
{ draw }
1/2-1/2

[Event "Tourn. n9480"]
[Site "www.chess-mail.com"]
[Date "2017.08.31"]
[Round "1"]
[White "Falcoale"]
[Black "Goofy"]
[WhiteElo "2040"]
[BlackElo "2260"]
[Result "0-1"]
[Round "1"]
1.e4 d5
2.exd5 Ng8f6
3.Bf1c4 Nf6xd5
4.d3 Nb8c6
5.a3 Bc8f5
6.Ng1f3 e6
7.O-O Nd5b6
8.Bc4a2 Bf8e7
9.Nb1c3 Qd8d7
10.h3 h6
11.Rf1e1 O-O-O
12.Nc3e4 g5
13.Nf3h2 Rd8g8
14.Bc1d2 h5
15.Ne4g3 Bf5g6
16.Bd2c3 Rh8h7
17.Ng3e4 g4
18.hxg4 hxg4
19.Bc3f6 Bg6xe4
20.Bf6xe7 Be4xg2
21.Kxg2 Qd7xe7
22.Re1e3 Qe7h4
23.Qd1h1 Nc6d4
24.Ra1c1 Nd4f3
25.Nh2xf3 gxf3
{ resign }
0-1

[Event "Match"]
[Site "www.echecsemail.com"]
[Date "2017.08.31"]
[Round "1"]
[White "Cjood"]
[Black "Krystek23"]
[WhiteElo "1920"]
[BlackElo "2370"]
[Result "0-1"]
[Round "1"]
1.e4 c5
2.c3 e6
3.Ng1f3 Nb8c6
4.Bf1c4 d5
5.exd5 exd5
6.Bc4e2 Ng8f6
7.O-O Bf8e7
8.d4 cxd4
9.Nf3xd4 O-O
10.Nd4xc6 bxc6
11.Bc1f4 Bc8f5
12.Be2a6 Qd8b6
13.Qd1e2 Rf8e8
14.Bf4e3 Be7c5
15.Be3xc5 Qb6xc5
16.Qe2d1 Qc5b6
17.Qd1a4 Nf6e4
18.b4 Ne4xf2
19.Rf1xf2 Re8e1
20.Ba6f1 Bf5d3
21.Nb1d2 Re1xa1
22.Qa4b3 Ra1e1
23.a4 Bd3xf1
24.Nd2xf1 Re1e2
{ resign }
0-1

[Event "Match"]
[Site "www.echecsemail.com"]
[Date "2017.08.31"]
[Round "1"]
[White "Calponas"]
[Black "Ericleo1980"]
[WhiteElo "2040"]
[BlackElo "2200"]
[Result "0-1"]
[Round "1"]
1.e4 c5
2.Ng1f3 d6
3.d4 cxd4
4.Nf3xd4 Ng8f6
5.Nb1c3 a6
6.Bc1e3 e6
7.f3 b5
8.a3 Bc8b7
9.Bf1e2 Nb8d7
10.Qd1d2 d5
11.exd5 Nf6xd5
12.Nc3xd5 Bb7xd5
13.Kf2 Qd8h4
14.g3 Qh4h3
15.Be2f1 Qh3h5
16.Bf1g2 Bf8c5
17.c3 O-O
18.h4 Nd7e5
19.Qd2e2 Ne5c4
20.g4 Qh5e5
21.Ra1e1 Nc4xe3
22.Qe2xe3 Qe5c7
23.f4 Ra8d8
24.Bg2xd5 Rd8xd5
25.Kg3 Rf8d8
26.Re1d1 e5
27.fxe5 Rd5xe5
28.Qe3f4 Re5e3
{ resign }
0-1

[Event "Match"]
[Site "www.echecsemail.com"]
[Date "2017.08.31"]
[Round "1"]
[White "Libiesse"]
[Black "Heaven"]
[WhiteElo "1780"]
[BlackElo "1589"]
[Result "0-1"]
[Round "1"]
1.d4 d5
2.c4 Bc8f5
3.Ng1f3 Bf5xb1
4.Ra1xb1 g6
5.Qd1b3 b6
6.cxd5 c6
7.dxc6 Nb8xc6
8.Bc1g5 Nc6xd4
9.Nf3xd4 Qd8xd4
10.Rb1d1 Qd4c5
11.e3 a6
12.Bf1xa6 Qc5a5
13.Kf1 Qa5xa6
{ resign }
0-1

[Event "Match"]
[Site "www.echecsemail.com"]
[Date "2017.08.31"]
[Round "1"]
[White "Heaven"]
[Black "Mrmoto"]
[WhiteElo "1589"]
[BlackElo "1670"]
[Result "0-1"]
[Round "1"]
1.e4 c5
2.c3 Ng8f6
3.f3 Nb8c6
4.Ng1e2 e5
5.g4 g5
6.d3 d5
7.Ne2g3 h6
8.Qd1a4 Bc8d7
9.Qa4c2 Bf8d6
10.Bc1d2 Qd8c7
11.Nb1a3 a6
12.b3 b5
13.Bd2e3 c4
14.Be3d2 Bd6xa3
15.b4 a5
{ resign }
0-1

[Event "Match"]
[Site "www.echecsemail.com"]
[Date "2017.08.31"]
[Round "1"]
[White "Juodivarnai"]
[Black "Calponas"]
[WhiteElo "2050"]
[BlackElo "2020"]
[Result "0-1"]
[Round "1"]
1.e4 c5
2.Ng1f3 Nb8c6
3.Bf1b5 Nc6d4
4.Nf3xd4 cxd4
5.O-O a6
6.Bb5e2 e5
7.c3 Ng8f6
8.d3 Bf8c5
9.cxd4 Bc5xd4
10.Nb1c3 d6
11.Kh1 Bc8e6
12.f4 exf4
13.Bc1xf4 O-O
14.Qd1d2 Qd8d7
15.Ra1c1 Ra8c8
16.a3 b5
17.Be2f3 Nf6g4
18.h3 Ng4e5
19.Nc3e2 Rc8xc1
20.Rf1xc1 Ne5xf3
21.gxf3 Bd4e5
22.Bf4e3 Be6xh3
23.f4 Qd7g4
24.Rc1g1 Qg4f3
25.Kh2 Bh3c8
26.Rg1g3 Qf3h5
27.Kg2 Be5f6
28.f5 Bf6e5
29.Ne2f4 Be5xf4
30.Be3xf4 Bc8xf5
31.exf5 Qh5xf5
32.Bf4xd6 Qf5d5
{ resign }
0-1

[Event "Match"]
[Site "www.echecsemail.com"]
[Date "2017.08.31"]
[Round "1"]
[White "Coraza8091"]
[Black "Billyg"]
[WhiteElo "1520"]
[BlackElo "1730"]
[Result "0-1"]
[Round "1"]
1.e4 e5
2.Ng1f3 d6
3.Bf1c4 Bc8e6
4.Bc4xe6 fxe6
5.Nb1c3 d5
6.exd5 exd5
7.Qd1e2 e4
8.d4 Nb8d7
9.Nc3xd5 Bf8e7
10.Qe2xe4 c6
11.Nd5xe7 Ng8xe7
12.O-O Rh8g8
13.Bc1g5 Nd7f6
14.c4 Nf6xe4
15.Bg5xe7 Qd8xe7
16.Rf1e1 O-O-O
17.Ra1d1 Rg8e8
18.Rd1d3 Qe7b4
19.b3 Ne4g5
20.Re1d1 Ng5xf3
21.gxf3 Re8e1
22.Kg2 Re1xd1
23.Rd3xd1 c5
24.d5 Qb4b6
25.Kf1 Qb6f6
26.Kg2 Qf6g5
27.Kf1 Qg5f4
28.Kg2 Rd8f8
29.Rd1d3 h5
30.d6 Rf8d8
31.d7 Rd8xd7
32.Rd3e3 Qf4g5
33.Kh3 Rd7d4
34.Re3e8 Kd7
{ resign }
0-1

[Event "Match"]
[Site "www.echecsemail.com"]
[Date "2017.08.31"]
[Round "1"]
[White "Coraza8091"]
[Black "Susov"]
[WhiteElo "1490"]
[BlackElo "1870"]
[Result "0-1"]
[Round "1"]
1.e4 e5
2.Ng1f3 Nb8c6
3.Bf1c4 h6
4.c3 a6
5.d4 exd4
6.cxd4 Bf8b4
7.Bc1d2 Bb4xd2
8.Nb1xd2 d6
9.d5 Nc6e5
10.Qd1a4 Bc8d7
11.Qa4b3 b5
12.Bc4e2 Ng8f6
13.Ra1c1 Bd7g4
14.Nf3xe5 Bg4xe2
15.Kxe2 O-O
16.Ne5c6 Qd8d7
17.h3 Rf8e8
18.Qb3g3 Nf6xe4
19.Nd2xe4 Re8xe4
20.Kf1 Ra8e8
21.f3 Re4e2
22.Nc6d4 Re2xb2
23.h4 Rb2xa2
24.Kg1 Ra2d2
25.Nd4b3 Rd2xd5
26.Kh2 Re8e3
27.Nb3a1 Qd7f5
28.Rc1xc7 Rd5d2
29.Rh1c1 Re3xf3
30.Rc7c8 Kh7
31.Rc1f1 Rf3xf1
32.Qg3e3 Qf5f4
33.Qe3xf4 Rf1xf4
34.Na1b3 Rd2d3
35.Nb3c1 Rf4xh4
36.Kg1 Rd3d1
37.Kf2 Rh4c4
38.Rc8xc4 bxc4
39.Nc1e2 Rd1d2
40.Ke1 Rd2xe2
41.Kxe2 Kg6
42.Kd2 Kf5
{ resign }
0-1

[Event "Match"]
[Site "www.echecsemail.com"]
[Date "2017.08.31"]
[Round "1"]
[White "Ditto"]
[Black "Cjood"]
[WhiteElo "1790"]
[BlackElo "2040"]
[Result "1/2-1/2"]
[Round "1"]
1.e4 e5
2.Ng1f3 Nb8c6
3.Bf1c4 Ng8f6
4.c3 d5
5.exd5 Nf6xd5
6.d3 Bf8c5
7.Bc1g5 f6
8.Bg5h4 Nd5f4
9.Nb1d2 Nf4xg2
10.Kf1 Bc8h3
11.Kg1 g5
12.Bh4g3 Qd8e7
13.Nd2e4 Qe7g7
14.Qd1b3 h5
15.Nf3e1 Ng2xe1
16.Ra1xe1 Ra8b8
17.Ne4xc5 h4
18.Bc4d5 Bh3d7
19.Bg3xe5 fxe5
20.d4 Rh8f8
21.Nc5xd7 Kxd7
22.Bd5e6 Ke7
23.d5 Qg7f6
24.Re1e2 Nc6d8
25.Qb3b4 Ke8
26.Qb4a4 b5
27.Qa4xa7 Qf6f3
28.Re2d2 h3
29.Kf1 Qf3xh1
30.Ke2 Qh1f3
31.Ke1 Rb8b7
32.Qa7c5 Nd8xe6
33.Qc5c6 Kd8
34.dxe6 Kc8
35.Qc6d7 Kb8
36.e7 Ka7
37.exf8Q Qf3xf8
38.Qd7xh3 Qf8f4
39.Qh3e3 Rb7b6
40.Qe3xf4 exf4
41.f3 Rb6h6
42.Rd2g2 Rh6h3
43.Ke2 Ka6
44.b4 Kb6
45.Kd3 Rh3xf3
46.Kd4 Rf3h3
47.Ke4 Rh3xc3
48.Rg2xg5 Rc3c4
49.Kd5 c6
50.Ke5 Rc4xb4
51.h4 f3
52.h5 Rb4h4
53.Rg5f5 Rh4h3
54.Ke4 Ka5
55.Ke3 Kb4
56.Rf5f4 Ka3
57.Rf4xf3 Rh3xh5
58.Rf3f2 b4
59.Kd4 c5
60.Kc4 Rh5e5
61.Rf2d2 Re5f5
62.Rd2e2 Ka4
63.Re2e3 Ka5
64.Re3d3 Ka4
65.Rd3e3 { draw }
1/2-1/2

[Event "1/64 Finale"]
[Site "www.chess-mail.com"]
[Date "2017.08.31"]
[Round "1"]
[White "Esperanza"]
[Black "Attatroll"]
[WhiteElo "1880"]
[BlackElo "2000"]
[Result "1-0"]
[Round "1"]
1.d4 e5
2.dxe5 Nb8c6
3.Ng1f3 Qd8e7
4.e3 Nc6xe5
5.Nb1d2 d5
6.Bf1e2 Bc8f5
7.O-O O-O-O
8.b3 Ng8f6
9.Bc1b2 Ne5g6
10.Nf3d4 Bf5e6
11.Nd2f3 Qe7b4
12.a3 Qb4b6
13.a4 Bf8c5
14.a5 Qb6d6
15.a6 b6
16.Nd4b5 Qd6d7
17.Nb5xa7 Kb8
18.Be2b5 Qd7d6
19.Na7c6 Ka8
20.Nc6xd8 Rh8xd8
21.a7 Nf6e4
22.c3 Be6g4
23.b4 Bc5xb4
24.cxb4 Qd6xb4
25.Bb5c6 
1-0

[Event "Eq:Super Chess Team-Slap Shot Mates : "]
[Site "www.chess-mail.com"]
[Date "2017.08.31"]
[Round "1"]
[White "Antuan72"]
[Black "Danquigley"]
[WhiteElo "1970"]
[BlackElo "2550"]
[Result "0-1"]
[Round "1"]
1.e4 e6
2.d4 d5
3.Nb1c3 Ng8f6
4.e5 Nf6d7
5.Ng1f3 c5
6.Bc1e3 a6
7.a4 Nb8c6
8.Nc3e2 cxd4
9.Ne2xd4 Nd7xe5
10.Nf3xe5 Nc6xe5
11.Bf1e2 Qd8c7
12.O-O Bf8d6
13.f4 Ne5c4
14.Be2xc4 Qc7xc4
15.c3 Bc8d7
16.Kh1 O-O
17.Nd4f3 f6
18.Qd1d4 Qc4xd4
19.cxd4 Rf8c8
20.Rf1c1 Rc8xc1
21.Ra1xc1 Bd7xa4
22.Kg1 Ba4d7
23.Kf2 Ra8c8
24.Rc1xc8 Bd7xc8
25.g3 a5
26.Nf3d2 a4
27.Nd2b1 Kf7
28.h4 b5
29.Nb1c3 Bc8d7
30.Kf3 b4
31.Nc3b1 a3
32.bxa3 bxa3
33.Nb1c3 Bd7b5
34.Be3c1 Bb5c4
35.Ke3 e5
36.Kf3 exd4
37.Nc3d1 Bd6b4
{ resign }
0-1

[Event "Tourn. n9453"]
[Site "www.chess-mail.com"]
[Date "2017.09.01"]
[Round "1"]
[White "Cal"]
[Black "Osopanda"]
[WhiteElo "1650"]
[BlackElo "1640"]
[Result "1-0"]
[Round "1"]
1.c4 d6
2.d4 Ng8f6
3.h3 Nb8d7
4.Ng1f3 e5
5.d5 Bf8e7
6.Nb1c3 O-O
7.e4 Rf8e8
8.Bf1d3 Nd7f8
9.Bc1g5 Nf8g6
10.O-O h6
11.Bg5xf6 Be7xf6
12.a3 Bc8d7
13.b4 c6
14.dxc6 bxc6
15.a4 a5
16.b5 cxb5
17.cxb5 Ra8c8
18.Nc3d5 Bd7e6
19.Nf3h2 Ng6f4
20.Nd5xf4 exf4
21.Nh2f3 Bf6xa1
22.Qd1xa1 d5
23.e5 Qd8b6
24.Kh2 Rc8c7
{ time. }
1-0

[Event "Tourn. n9416"]
[Site "www.chess-mail.com"]
[Date "2017.09.01"]
[Round "1"]
[White "Jesmantiz"]
[Black "Hundegana"]
[WhiteElo "2150"]
[BlackElo "2040"]
[Result "1/2-1/2"]
[Round "1"]
1.d4 Ng8f6
2.e3 b6
3.Bf1d3 Bc8b7
4.f3 e6
5.c4 d6
6.Ng1e2 h6
7.e4 e5
8.d5 c6
9.Nb1c3 cxd5
10.exd5 Bf8e7
11.O-O Nb8d7
12.b4 a6
13.Bc1e3 Qd8c7
14.Ra1c1 Be7d8
15.Ne2g3 Bd8e7
16.Ng3f5 Be7f8
17.Nc3e4 Nf6xe4
18.Bd3xe4 g6
19.Nf5g3 f5
20.Be4d3 Kf7
21.Be3d2 Ra8e8
22.Qd1b3 Kg7
23.Qb3b2 Bf8e7
24.Ng3e2 Be7f6
25.Bd2c3 Rh8f8
26.Ne2g3 e4
27.Bc3xf6 Nd7xf6
28.fxe4 Bb7c8
29.exf5 g5
30.Qb2d4 Kh7
31.h4 Re8e5
32.hxg5 hxg5
33.Rc1e1 Re5xe1
34.Rf1xe1 b5
35.c5 dxc5
36.bxc5 Qc7xg3
37.Re1e7 Kh8
38.d6 Qg3f4
39.Qd4xf4 gxf4
40.c6 Rf8d8
41.d7 Bc8xd7
42.cxd7 Rd8xd7
43.Re7e6 Rd7xd3
44.Re6xf6 Rd3a3
45.Rf6f7 Ra3xa2
46.Rf7b7 Kg8
47.f6 Ra2d2
48.Rb7b6 Rd2a2
49.Rb6b7 Ra2b2
50.Rb7a7 Rb2a2
51.Ra7b7 Ra2a4
52.Kf2 b4
53.Kf3 a5
54.Kxf4 Ra4a3
55.g4 
1/2-1/2

[Event "Tourn. n9485"]
[Site "www.chess-mail.com"]
[Date "2017.09.01"]
[Round "1"]
[White "Julian"]
[Black "Cal"]
[WhiteElo "1590"]
[BlackElo "1640"]
[Result "0-1"]
[Round "1"]
1.e4 e5
2.Ng1f3 d6
3.d4 exd4
4.Nf3xd4 c5
5.Nd4f3 h6
6.Nb1c3 Bc8g4
7.Bf1e2 Ng8f6
8.O-O Nb8c6
9.Bc1e3 Bf8e7
10.h3 Bg4xf3
11.Be2xf3 { time. }
0-1

[Event "Tourn. n9507"]
[Site "www.chess-mail.com"]
[Date "2017.09.01"]
[Round "1"]
[White "Bojan"]
[Black "Ssharp"]
[WhiteElo "2040"]
[BlackElo "2190"]
[Result "0-1"]
[Round "1"]
1.e4 c5
2.Bf1c4 Nb8c6
3.a3 Ng8f6
4.d3 d6
5.f3 g6
6.Bc1e3 Bf8g7
7.c3 O-O
8.Ng1e2 Bc8e6
9.Bc4b5 Ra8c8
10.Ne2f4 Be6d7
11.Bb5c4 a6
12.Qd1e2 b5
13.Bc4b3 e6
14.g4 Nc6a5
15.Bb3c2 c4
16.Nb1d2 cxd3
17.Qe2xd3 Bd7c6
18.g5 Nf6e8
19.h4 Na5c4
20.Ra1b1 Nc4xe3
21.Qd3xe3 e5
22.Nf4d5 Bc6xd5
23.exd5 f5
24.gxf6 Ne8xf6
25.Bc2b3 Qd8d7
26.Nd2e4 Nf6xe4
27.Qe3xe4 Rf8f4
28.Qe4e3 Rc8f8
29.Bb3d1 Qd7f5
30.Kf2 Qf5xb1
{ resign }
0-1

[Event "Tourn. n9443"]
[Site "www.chess-mail.com"]
[Date "2017.09.01"]
[Round "1"]
[White "Fabos12"]
[Black "Picifarkinca"]
[WhiteElo "1950"]
[BlackElo "1940"]
[Result "0-1"]
[Round "1"]
1.d4 Ng8f6
2.Ng1f3 b6
3.c4 e6
4.Nb1c3 Bf8b4
5.Bc1g5 Bc8b7
6.Ra1c1 h6
7.Bg5xf6 Qd8xf6
8.e3 O-O
9.a3 Bb4e7
10.Bf1d3 a6
11.Nc3e4 Bb7xe4
12.Bd3xe4 c6
13.Nf3e5 d5
14.Ne5g4 Qf6h4
15.g3 Qh4h3
16.Be4f3 Nb8d7
17.Rh1g1 Nd7f6
18.b4 a5
19.Ng4xf6 Be7xf6
20.Rg1g2 Qh3f5
21.Bf3g4 Qf5h7
22.Qd1c2 Qh7xc2
23.Rc1xc2 e5
 { time }
0-1

[Event "Tourn. n9474"]
[Site "www.chess-mail.com"]
[Date "2017.09.01"]
[Round "1"]
[White "Caspito"]
[Black "Falcoale"]
[WhiteElo "1910"]
[BlackElo "2000"]
[Result "0-1"]
[Round "1"]
1.e4 c5
2.b3 Nb8c6
3.Bc1b2 e6
4.d4 cxd4
5.Bb2xd4 Nc6xd4
6.Qd1xd4 Ng8f6
7.e5 Nf6d5
8.Ng1f3 b6
9.c4 Nd5b4
10.Qd4e4 Ra8b8
11.a3 Bc8b7
12.Qe4e2 Bb7xf3
13.gxf3 Nb4c6
14.Qe2b2 Qd8h4
15.Bf1g2 Bf8c5
16.b4 Bc5d4
17.Nb1c3 Nc6xe5
18.O-O Qh4f6
19.Ra1d1 Ne5xf3
20.Kh1 Nf3h4
21.Qb2c2 Nh4xg2
22.Kxg2 Qf6g5
23.Kh1 Bd4e5
24.Qc2a4 O-O
25.Rd1d3 Qg5f4
26.Rd3g3 Qf4f6
27.Nc3e4 Qf6h4
28.f3 Be5xg3
29.Ne4xg3 Qh4xc4
30.Qa4xd7 a6
31.Kg2 Qc4a2
32.Rf1f2 Qa2xa3
33.Qd7d4 Rf8d8
34.Qd4g4 Rd8d1
35.Rf2f1 Rd1xf1
36.Ng3xf1 Rb8c8
37.Kg3 Qa3c3
38.Qg4e4 Qc3c4
39.Qe4b7 Qc4c7
{ resign }
0-1

[Event "Tourn. n9490"]
[Site "www.chess-mail.com"]
[Date "2017.09.01"]
[Round "1"]
[White "Plymouth"]
[Black "Caspito"]
[WhiteElo "1790"]
[BlackElo "1880"]
[Result "0-1"]
[Round "1"]
1.d4 g6
2.g3 d5
3.Bf1g2 c6
4.Ng1f3 Bf8g7
5.O-O Ng8f6
6.c3 O-O
7.Bc1f4 Nf6h5
 { time }
0-1

[Event "Tourn. n9401"]
[Site "www.chess-mail.com"]
[Date "2017.09.01"]
[Round "1"]
[White "Jaroslavpech"]
[Black "Nimzo"]
[WhiteElo "2200"]
[BlackElo "2870"]
[Result "1/2-1/2"]
[Round "1"]
1.d4 d5
2.c4 e6
3.Nb1c3 Bf8e7
4.Ng1f3 Ng8f6
5.Bc1f4 O-O
6.e3 c5
7.dxc5 Be7xc5
8.a3 Nb8c6
9.Qd1c2 Qd8a5
10.O-O-O Bc5e7
11.Kb1 a6
12.Nf3d2 b5
13.cxd5 exd5
14.Nd2b3 Qa5b6
15.Bf4g5 Bc8e6
16.Bg5xf6 Be7xf6
17.Nc3xd5 Be6xd5
18.Rd1xd5 Ra8c8
19.Bf1d3 Nc6b4
20.Bd3xh7 Kh8
21.Rd5h5 Nb4xc2
{ draw }
1/2-1/2

[Event "Match"]
[Site "www.echecsemail.com"]
[Date "2017.09.01"]
[Round "1"]
[White "Jeabac"]
[Black "Caspito"]
[WhiteElo "1809"]
[BlackElo "1930"]
[Result "1-0"]
[Round "1"]
1.d4 Ng8f6
2.c4 c6
3.Nb1c3 g6
4.e4 d6
5.h3 Bf8g7
6.Ng1f3 O-O
7.Bc1e3 b6
8.Bf1d3 Nb8d7
9.O-O Bc8b7
10.Qd1d2 a6
11.a4 Qd8c7
12.Ra1c1 e6
13.Rf1d1 e5
14.dxe5 dxe5
15.b4 c5
16.b5 Nf6h5
17.Nc3d5 Bb7xd5
18.cxd5 Qc7b7
19.bxa6 Qb7c7
20.Bd3b5 Ra8a7
21.Bb5xd7 Qc7xd7
22.a5 Ra7xa6
23.axb6 Rf8b8
24.Be3xc5 Nh5f4
25.Bc5e3 Bg7h6
26.Nf3xe5 Nf4xh3
27.gxh3 Qd7xh3
28.Be3xh6 f6
29.Rc1c3 Qh3h4
30.Qd2f4 Qh4h5
31.Ne5f3 Ra6xb6
32.Qf4h4 f5
33.e5 { resign }
1-0

[Event "Match"]
[Site "www.echecsemail.com"]
[Date "2017.09.01"]
[Round "1"]
[White "Pellix84"]
[Black "Cjood"]
[WhiteElo "2120"]
[BlackElo "1890"]
[Result "0-1"]
[Round "1"]
1.d4 Ng8f6
2.Bc1f4 d5
3.Ng1f3 Nb8c6
4.h3 Bc8f5
5.a3 h5
6.e3 Nf6d7
7.Nb1d2 e6
8.Bf1e2 f6
9.Nf3h4 g5
10.Nh4xf5 exf5
11.Be2xh5 Ke7
12.Bf4h2 Bf8h6
13.Qd1f3 Nd7f8
 { time }
0-1